Т. 1 : А - Ангоб; Большая Советская Энциклопедия

Bibliographische Detailangaben
Parent link:Большая Советская Энциклопедия: в 30 т./ гл. ред. А. М. Прохоров. Т. 1 : А - Ангоб.— 3-е изд..— , 1969-
Weitere Verfasser: Прохоров А. М. Александр Михайлович (редактор)
Sprache:Russisch
Veröffentlicht: 1969
Schlagworte:
Format: Buch
KOHA link:https://koha.lib.tpu.ru/cgi-bin/koha/opac-detail.pl?biblionumber=32612

MARC

LEADER 00000nam0a2200000 4500
001 32612
005 20231030205106.0
035 |a (RuTPU)RU\TPU\book\32911 
035 |a BOOK00000037 
090 |a 32612 
100 |a 20011210d1969 km y0rusy50 ca 
101 0 |a rus 
102 |a RU 
105 |a abf f 001zy 
200 0 |a Т. 1 : А - Ангоб 
210 |d 1969 
215 |a 608 с.  |c ил. 
320 |a Библиогр. в конце статей 
461 |t Большая Советская Энциклопедия  |o в 30 т.  |f гл. ред. А. М. Прохоров  |v Т. 1 : А - Ангоб  |e 3-е изд.  |d 1969-  
610 1 |a БСЭ 
610 1 |a энциклопедии 
675 |a 03  |v 3 
702 1 |a Прохоров  |b А. М.  |g Александр Михайлович  |4 340 
801 0 |a RU  |b 63413507  |c 20011210  |g PSBO 
801 2 |a RU  |b 63413507  |c 20220811  |g PSBO 
942 |c BK